Click-a-Mother Quiz Stats

 Plays Quiz not verified by Sporcle

Score 0/20 Timer 03:00
42 Plays Today
% Correct
How I Met Your Mother
84.1%
Mother May I?
81.7%
Motherboard
81.3%
Mother Sauce
81.2%
Mother of Modern Physics
81.2%
Mother's Day
78%
Mother of Pearl
77.6%
Are You My Mother?
76.6%
Mother Superior
76.4%
Mother Lode Country
75.3%
% Correct
Mother Hen
74%
Den Mother
73.9%
Mother Teresa
72.9%
My Stepmother Is An Alien
69.8%
Old Mother Hubbard
66.2%
Mother Goose
65.7%
Mother Nature's Son
49.7%
Mother Gothel
49.1%
Wicked Stepmother
47.6%
Mothers of the Disappeared
43.9%

You're not logged in!

Compare scores with friends on all Sporcle quizzes.
OR
Log In

Show Comments

Extras

Top Quizzes Today


Score Distribution

Your Account Isn't Verified!

In order to create a playlist on Sporcle, you need to verify the email address you used during registration. Go to your Sporcle Settings to finish the process.

Report this User

Report this user for behavior that violates our Community Guidelines.

Details: